000 01030cam a22003257a 4500
003 CHAP
005 20220817044026.0
008 050524d2004 it rn 00110 eng d
010 _a90324
011 _a91296
020 _a92 4 159256 7
035 _a101854
040 _cCHAP
082 0 4 _a631.9
_bF3
110 2 _aFAO
245 1 0 _aFAO/WHO technical workshop on residues of veterinary drugs withot ADI/MRL :
_b24-26 august 2004 Bangkok, Thailand
_c/by FAO
260 _aRome :
_bFAO,
_c2004.
300 _a171 p.
590 _aBATCH-UPD
_b10
_c20130110
_lUCH01
_h1740
590 _aBATCH-UPD
_b10
_c20130410
_lUCH01
_h1119
590 _aBATCH-UPD
_b10
_c20130914
_lUCH01
_h0208
590 _aCONVERSION
_b10
_c20130109
_lUCH01
_h1350
650 1 4 _aAlimentos
_xNormas de calidad.
_94256
650 1 4 _aAntibioticos
_xToxicidad.
_96048
650 1 4 _aResíduos químicos
_xEfecto en alimentos.
_996150
901 _aBK
905 _aLilia
942 _cLIBRO
949 _a615.9 F3
_bBC
_cFAO
_d33724000950911
_eFAO1
_h105654
_i101854
_sb
999 _c90324
_d90324